[Event "4MCR_4D_1L_3S"]
[Site "CR"]
[Date "2000.??.??"]
[Round "?"]
[White "Mozny, Milos"]
[Black "Rybakova, Ivana"]
[Result "1-0"]
[WhiteElo "2400"]
[BlackElo "2000"]
[PlyCount "97"]
[EventDate "2000.??.??"]
[EventType "tourn (corr)"]

1. d4 Nf6 2. c4 e6 3. Nf3 d5 4. g3 c5 5. cxd5 Nxd5 6. Bg2 cxd4 7. O-O Be7 8.
Nxd4 O-O 9. e4 Nb4 10. Nc3 N8c6 11. Nxc6 Nxc6 12. Be3 Qxd1 13. Rfxd1 Bf6 14.
Rac1 Bxc3 15. Rxc3 e5 16. Bc5 Rd8 17. Rxd8+ Nxd8 18. f4 Nc6 19. f5 f6 20. Bf1
Kf7 21. b4 a6 22. Ra3 g6 23. b5 Nd4 24. g4 h5 25. h3 Kg7 26. Bxd4 exd4 27. bxa6
bxa6 28. Ra4 hxg4 29. hxg4 Kh6 30. Kf2 Kg5 31. Kf3 Bd7 32. Rxd4 Bb5 33. Rd1
Bxf1 34. Rxf1 Rc8 35. Ke3 Rc3+ 36. Kd4 Ra3 37. Kd5 Rxa2 38. fxg6 Kxg6 39. Ke6
Kg5 40. Rf5+ Kxg4 41. Kxf6 Rh2 42. Rf1 Rh6+ 43. Ke7 Rh7+ 44. Kd6 Rh6+ 45. Kd5
Rh2 46. e5 Rd2+ 47. Kc6 Rc2+ 48. Kd7 Rd2+ 49. Ke7 1-0

[Event "4MCR_4D_1L_3S"]
[Site "CR"]
[Date "2000.??.??"]
[Round "?"]
[White "Mozny, Milos"]
[Black "Soucha, Stepan"]
[Result "1/2-1/2"]
[WhiteElo "2400"]
[BlackElo "2305"]
[PlyCount "82"]
[EventDate "2000.??.??"]
[EventType "tourn (corr)"]

1. d4 d5 2. Nf3 Nf6 3. c4 e6 4. g3 Be7 5. Bg2 O-O 6. O-O dxc4 7. Ne5 Nc6 8.
Nxc6 bxc6 9. e3 Nd5 10. Qa4 Nb6 11. Qa5 Rb8 12. Na3 Bd7 13. Rd1 Bd6 14. Bf1 Qf6
15. Bd2 Qf5 16. Rac1 c5 17. dxc5 Bxc5 18. b4 Bc6 19. Bg2 Bxg2 20. Kxg2 Qd5+ 21.
Kg1 Be7 22. Nb5 Rfd8 23. Nd4 c5 24. bxc5 Bxc5 25. Bc3 Bxd4 26. Rxd4 Qxa5 27.
Rxd8+ Rxd8 28. Bxa5 Rc8 29. Kf1 Kf8 30. Ke2 Ke7 31. Rb1 Rc6 32. Kd2 e5 33. Rb5
Ke6 34. e4 Nd7 35. Bb4 h5 36. Ra5 a6 37. h3 f5 38. exf5+ Kxf5 39. Bc3 g5 40. f3
Rd6+ 41. Ke2 g4 1/2-1/2

[Event "4MCR_4D_1L_3S"]
[Site "CR"]
[Date "2000.??.??"]
[Round "?"]
[White "Mozny, Milos"]
[Black "Symersky, Petr"]
[Result "1/2-1/2"]
[WhiteElo "2400"]
[BlackElo "2000"]
[PlyCount "63"]
[EventDate "2000.??.??"]
[EventType "tourn (corr)"]

1. d4 Nf6 2. c4 e6 3. Nf3 d5 4. g3 Be7 5. Bg2 O-O 6. O-O c6 7. b3 b6 8. Qc2 Bb7
9. Nbd2 Nbd7 10. Bb2 Rc8 11. e4 c5 12. exd5 exd5 13. Rad1 dxc4 14. Nxc4 b5 15.
Nce5 cxd4 16. Qe2 Nxe5 17. Qxe5 Bxf3 18. Bxf3 Bc5 19. b4 Re8 20. Qf5 Bb6 21.
Qxb5 Rc2 22. Ba1 Rxa2 23. Qc4 Ra4 24. Bxd4 Qe7 25. Bxf6 gxf6 26. Rb1 Ra3 27.
Bd5 Qd7 28. Rbd1 Re5 29. Rd2 Kg7 30. Rfd1 a5 31. b5 Qh3 32. Qc6 1/2-1/2

[Event "4MCR_4D_1L_3S"]
[Site "CR"]
[Date "2000.??.??"]
[Round "?"]
[White "Odehnal, Miroslav"]
[Black "Jandovsky, Viktor"]
[Result "1-0"]
[WhiteElo "2440"]
[BlackElo "2295"]
[PlyCount "61"]
[EventDate "2000.??.??"]
[EventType "tourn (corr)"]

1. e4 c5 2. Nf3 Nc6 3. d4 cxd4 4. Nxd4 Nf6 5. Nc3 d6 6. Bg5 e6 7. Qd2 a6 8.
O-O-O Bd7 9. f4 Be7 10. Nf3 b5 11. Bxf6 gxf6 12. Kb1 Qb6 13. f5 O-O-O 14. g3
Kb8 15. fxe6 fxe6 16. Bh3 Bc8 17. Qe1 Rhe8 18. Ne2 Ne5 19. Rf1 Nc4 20. Nf4 Bf8
21. Rd3 Bg7 22. c3 Qb7 23. Nd2 Ne5 24. Re3 Qf7 25. c4 Bd7 26. Rc3 Rc8 27. Qe3
Kb7 28. cxb5 axb5 29. Ra3 Ra8 30. Rxa8 Rxa8 31. Qb3 1-0

[Event "4MCR_4D_1L_3S"]
[Site "CR"]
[Date "2000.??.??"]
[Round "?"]
[White "Odehnal, Miroslav"]
[Black "Kosek, Lubomir"]
[Result "1-0"]
[WhiteElo "2440"]
[BlackElo "2115"]
[PlyCount "39"]
[EventDate "2000.??.??"]
[EventType "tourn (corr)"]

1. e4 d6 2. d4 Nf6 3. Nc3 g6 4. Be3 c6 5. h3 Bg7 6. f4 O-O 7. Nf3 Qb6 8. Qc1
Nh5 9. Kf2 Bh8 10. g4 Ng7 11. f5 Nd7 12. Bd3 e6 13. fxg6 fxg6 14. Kg2 Qc7 15.
Qe1 Ne8 16. Qh4 Ndf6 17. Raf1 Qe7 18. e5 Nd5 19. Bg5 Qc7 20. Nxd5 1-0

[Event "4MCR_4D_1L_3S"]
[Site "CR"]
[Date "2000.??.??"]
[Round "?"]
[White "Odehnal, Miroslav"]
[Black "Mozny, Milos"]
[Result "1/2-1/2"]
[WhiteElo "2440"]
[BlackElo "2400"]
[PlyCount "57"]
[EventDate "2000.??.??"]
[EventType "tourn (corr)"]

1. e4 c5 2. Nf3 e6 3. d4 cxd4 4. Nxd4 Nf6 5. Nc3 d6 6. g4 e5 7. Bb5+ Bd7 8.
Bxd7+ Qxd7 9. Nf5 h5 10. gxh5 Nxe4 11. Nxg7+ Bxg7 12. Nxe4 d5 13. h6 dxe4 14.
Qxd7+ Kxd7 15. hxg7 Rg8 16. Rg1 Nc6 17. Be3 Ne7 18. Rg4 Ke6 19. O-O-O f5 20.
Rg5 f4 21. Bc5 Nf5 22. Rdg1 b6 23. Bf8 Raxf8 24. gxf8=Q Rxf8 25. Rg8 Rf7 26.
R1g6+ Ke7 27. Ra8 e3 28. Rxa7+ Kf8 29. Ra8+ 1/2-1/2

[Event "4MCR_4D_1L_3S"]
[Site "CR"]
[Date "2000.??.??"]
[Round "?"]
[White "Odehnal, Miroslav"]
[Black "Priesol, Daniel"]
[Result "1-0"]
[WhiteElo "2440"]
[BlackElo "2260"]
[PlyCount "69"]
[EventDate "2000.??.??"]
[EventType "tourn (corr)"]

1. d4 Nf6 2. c4 g6 3. Nc3 d5 4. Nf3 Bg7 5. Bf4 O-O 6. Rc1 dxc4 7. e4 Bg4 8.
Bxc4 Bxf3 9. gxf3 Nh5 10. Be3 e6 11. f4 Qh4 12. Qf3 Nc6 13. Ne2 Rad8 14. e5 Qe7
15. a3 Qd7 16. O-O Qc8 17. Ba6 Nxe5 18. fxe5 bxa6 19. Qc6 a5 20. Rc5 f6 21.
Rxa5 fxe5 22. dxe5 Qd7 23. Qxd7 Rxd7 24. b4 Rd5 25. Rxd5 exd5 26. Rd1 c6 27.
Nd4 Rc8 28. Rc1 c5 29. Rxc5 Rxc5 30. bxc5 Bxe5 31. c6 Kf7 32. Nb5 Ke7 33. Bxa7
Nf4 34. a4 d4 35. a5 1-0

[Event "4MCR_4D_1L_3S"]
[Site "CR"]
[Date "2000.??.??"]
[Round "?"]
[White "Odehnal, Miroslav"]
[Black "Soucha, Stepan"]
[Result "1/2-1/2"]
[WhiteElo "2440"]
[BlackElo "2305"]
[PlyCount "90"]
[EventDate "2000.??.??"]
[EventType "tourn (corr)"]

1. e4 e5 2. Nf3 Nc6 3. Bb5 a6 4. Ba4 Nf6 5. O-O Be7 6. Re1 b5 7. Bb3 d6 8. c3
O-O 9. h3 Re8 10. d4 Bb7 11. Ng5 Rf8 12. Nf3 Re8 13. Nbd2 Bf8 14. a3 h6 15. Bc2
Nb8 16. b4 Nbd7 17. Bb2 g6 18. Rb1 c6 19. c4 exd4 20. Bxd4 Qc7 21. Bd3 Nh5 22.
Qb3 Nf4 23. Bf1 Ne6 24. Bc3 Rad8 25. Rbc1 Qb8 26. Rcd1 Ne5 27. Nd4 Qa7 28. Nxe6
Rxe6 29. a4 bxa4 30. Qxa4 Rde8 31. Nb3 c5 32. bxc5 dxc5 33. f4 Nc6 34. e5 Nb4
35. Na5 Ba8 36. Rd7 Bc6 37. Rxa7 Bxa4 38. Rc7 Rb6 39. g4 Nc2 40. Rc1 Reb8 41.
Kf2 Nd4 42. Bxd4 cxd4 43. c5 Rb2+ 44. Kf3 Rh2 45. c6 d3 1/2-1/2

[Event "4MCR_4D_1L_3S"]
[Site "CR"]
[Date "2000.??.??"]
[Round "?"]
[White "Odehnal, Miroslav"]
[Black "Staufcik, Robert"]
[Result "1/2-1/2"]
[WhiteElo "2440"]
[BlackElo "2000"]
[PlyCount "57"]
[EventDate "2000.??.??"]
[EventType "tourn (corr)"]

1. e4 e5 2. Nf3 Nc6 3. Bb5 a6 4. Ba4 Nf6 5. O-O Be7 6. Re1 b5 7. Bb3 d6 8. c3
O-O 9. h3 Na5 10. Bc2 c5 11. d4 cxd4 12. cxd4 Bb7 13. d5 Rc8 14. Nbd2 Qc7 15.
Bb1 Nd7 16. Nf1 f5 17. exf5 Nc4 18. f6 Bxf6 19. Bf5 Kh8 20. Ng3 Ncb6 21. Be6
Rce8 22. Be3 Nc4 23. Rc1 Qd8 24. Ne4 Nxe3 25. Rxe3 Nb6 26. Qd3 Nc4 27. Re2 Rxe6
28. dxe6 Bxe4 29. Qxe4 1/2-1/2

[Event "4MCR_4D_1L_3S"]
[Site "CR"]
[Date "2000.??.??"]
[Round "?"]
[White "Odehnal, Miroslav"]
[Black "Travnik, Petr"]
[Result "1-0"]
[WhiteElo "2440"]
[BlackElo "2145"]
[PlyCount "59"]
[EventDate "2000.??.??"]
[EventType "tourn (corr)"]

1. e4 c5 2. Nf3 d6 3. d4 cxd4 4. Nxd4 Nf6 5. Nc3 a6 6. Be2 e6 7. f4 Be7 8. Be3
Qc7 9. O-O Nc6 10. a4 O-O 11. Kh1 Re8 12. Bf3 Rb8 13. Qd2 Na5 14. Qf2 Nc4 15.
Bc1 e5 16. Nde2 exf4 17. Nxf4 Be6 18. b3 Ne5 19. Bb2 Rbc8 20. Rac1 Qc5 21. Qg3
Nxf3 22. gxf3 g6 23. Nce2 b5 24. axb5 axb5 25. Bd4 Qc6 26. Qg2 Bd7 27. h4 Bd8
28. c3 Ra8 29. h5 Ra2 30. Ra1 1-0

[Event "4MCR_4D_1L_3S"]
[Site "CR"]
[Date "2000.??.??"]
[Round "?"]
[White "Pesa, Ladislav"]
[Black "Fiala, Jaroslav"]
[Result "1/2-1/2"]
[WhiteElo "2325"]
[BlackElo "2425"]
[PlyCount "64"]
[EventDate "2000.??.??"]
[EventType "tourn (corr)"]

1. Nf3 Nf6 2. c4 g6 3. g3 Bg7 4. Bg2 O-O 5. O-O Nc6 6. Nc3 a6 7. d4 Rb8 8. h3
d6 9. e4 b5 10. e5 Nd7 11. e6 fxe6 12. d5 Nce5 13. Nd4 Nb6 14. cxb5 Nxd5 15.
Nxd5 exd5 16. f4 c5 17. bxc6 Nf7 18. f5 Qa5 19. Ne6 Bxe6 20. fxe6 Ne5 21. Qxd5
Qb6+ 22. Kh1 Rxf1+ 23. Bxf1 Nxc6 24. Bg5 h6 25. Bf4 Qxb2 26. Rd1 Ne5 27. Bxa6
g5 28. Bxe5 Bxe5 29. Rg1 Rf8 30. Qe4 Rf2 31. Rg2 Qa1+ 32. Kh2 Rxg2+ 1/2-1/2

[Event "4MCR_4D_1L_3S"]
[Site "CR"]
[Date "2000.??.??"]
[Round "?"]
[White "Pesa, Ladislav"]
[Black "Kosek, Lubomir"]
[Result "1-0"]
[WhiteElo "2325"]
[BlackElo "2115"]
[PlyCount "37"]
[EventDate "2000.??.??"]
[EventType "tourn (corr)"]

1. e4 d6 2. d4 Nf6 3. Nc3 g6 4. f4 Bg7 5. Nf3 O-O 6. Bd3 c6 7. O-O b5 8. e5
Nfd7 9. Qe1 Nb6 10. Qh4 Na6 11. f5 gxf5 12. Ng5 h6 13. Bxf5 Bxf5 14. Rxf5 e6
15. Rf6 hxg5 16. Bxg5 dxe5 17. dxe5 Qb8 18. Re1 Nc4 19. Bh6 1-0

[Event "4MCR_4D_1L_3S"]
[Site "CR"]
[Date "2000.??.??"]
[Round "?"]
[White "Pesa, Ladislav"]
[Black "Mezera, Lukas"]
[Result "1-0"]
[WhiteElo "2325"]
[BlackElo "2105"]
[PlyCount "73"]
[EventDate "2000.??.??"]
[EventType "tourn (corr)"]

1. e4 c5 2. Nf3 d6 3. d4 cxd4 4. Nxd4 Nf6 5. Nc3 g6 6. Be3 Bg7 7. f3 O-O 8. Qd2
Nc6 9. Bc4 Bd7 10. O-O-O Rc8 11. Bb3 Ne5 12. h4 h5 13. Bg5 Rc5 14. Kb1 b5 15.
g4 a5 16. gxh5 Nxh5 17. Nd5 Re8 18. Nf4 Nxf4 19. Qxf4 Nc4 20. Qg3 Qb6 21. h5 d5
22. hxg6 fxg6 23. Bh6 Bh8 24. Qh4 Kf7 25. Bg5 e5 26. exd5 Bg7 27. Ne6 Bxe6 28.
Bd8 Qb7 29. dxe6+ Rxe6 30. Bxa5 Rc8 31. Bc3 Qc6 32. Qe4 Qxe4 33. fxe4 Re7 34.
Rd6 Re6 35. Rd5 Rb6 36. Rd7+ Kg8 37. Rf1 1-0

[Event "4MCR_4D_1L_3S"]
[Site "CR"]
[Date "2000.??.??"]
[Round "?"]
[White "Pesa, Ladislav"]
[Black "Mozny, Milos"]
[Result "1/2-1/2"]
[WhiteElo "2325"]
[BlackElo "2400"]
[PlyCount "81"]
[EventDate "2000.??.??"]
[EventType "tourn (corr)"]

1. Nf3 d5 2. c4 e6 3. g3 c5 4. Bg2 Nc6 5. O-O Nf6 6. d4 Be7 7. cxd5 exd5 8. Nc3
O-O 9. Bg5 c4 10. Ne5 Be6 11. b3 Qa5 12. Nxc6 bxc6 13. Na4 Rfd8 14. e3 c5 15.
Nxc5 Bxc5 16. dxc5 Qxc5 17. Bxf6 gxf6 18. Qh5 Rac8 19. Rfd1 Qa3 20. bxc4 dxc4
21. Be4 Kf8 22. Qxh7 c3 23. Rxd8+ Rxd8 24. Rb1 Qxa2 25. Rb7 Bd7 26. Qh5 c2 27.
Qc5+ Kg7 28. Bxc2 a5 29. Bb1 Qe2 30. Qc2 Qxc2 31. Bxc2 Bh3 32. Bb3 Rd7 33. Rb5
Ra7 34. Bd5 a4 35. Rb2 a3 36. Ra2 Ra5 37. e4 f5 38. f3 fxe4 39. fxe4 f5 40. Be6
Kf6 41. exf5 1/2-1/2

[Event "4MCR_4D_1L_3S"]
[Site "CR"]
[Date "2000.??.??"]
[Round "?"]
[White "Pesa, Ladislav"]
[Black "Odehnal, Miroslav"]
[Result "1/2-1/2"]
[WhiteElo "2325"]
[BlackElo "2440"]
[PlyCount "43"]
[EventDate "2000.??.??"]
[EventType "tourn (corr)"]

1. d4 Nf6 2. c4 e6 3. Nf3 d5 4. Nc3 Be7 5. g3 O-O 6. Bg2 Nbd7 7. O-O dxc4 8. e4
c6 9. a4 e5 10. dxe5 Ng4 11. Bf4 Qa5 12. e6 fxe6 13. Qe2 Nde5 14. Nxe5 Nxe5 15.
Bxe5 Qxe5 16. Qxc4 Qc5 17. Qb3 Kh8 18. Rac1 Bg5 19. Rc2 e5 20. Nd5 Qa5 21. h4
Bh6 22. Ne7 1/2-1/2

[Event "4MCR_4D_1L_3S"]
[Site "CR"]
[Date "2000.??.??"]
[Round "?"]
[White "Pesa, Ladislav"]
[Black "Staufcik, Robert"]
[Result "1/2-1/2"]
[WhiteElo "2325"]
[BlackElo "2000"]
[PlyCount "49"]
[EventDate "2000.??.??"]
[EventType "tourn (corr)"]

1. e4 e5 2. Nf3 Nc6 3. Bb5 a6 4. Ba4 Nf6 5. O-O Be7 6. Re1 b5 7. Bb3 d6 8. c3
O-O 9. h3 Na5 10. Bc2 c5 11. d4 cxd4 12. cxd4 Bb7 13. Nbd2 Rc8 14. d5 Qc7 15.
Bd3 Nd7 16. Nf1 f5 17. Ng3 f4 18. Nf5 Bd8 19. b3 g6 20. Nh6+ Kg7 21. Ng4 h5 22.
Ngh2 Nc5 23. Ba3 Qb6 24. Bc2 b4 25. Bb2 1/2-1/2

[Event "4MCR_4D_1L_3S"]
[Site "CR"]
[Date "2000.??.??"]
[Round "?"]
[White "Pesa, Ladislav"]
[Black "Travnik, Petr"]
[Result "1/2-1/2"]
[WhiteElo "2325"]
[BlackElo "2145"]
[PlyCount "76"]
[EventDate "2000.??.??"]
[EventType "tourn (corr)"]

1. c4 Nf6 2. Nc3 d6 3. g3 g6 4. Bg2 Bg7 5. Nf3 O-O 6. O-O e5 7. d3 c6 8. Rb1 a5
9. a3 h6 10. b4 axb4 11. axb4 Be6 12. Bb2 Nbd7 13. b5 Qe7 14. e3 d5 15. bxc6
bxc6 16. cxd5 Nxd5 17. Nxd5 cxd5 18. Ra1 Qb4 19. Qc2 Rac8 20. Qe2 Qb3 21. Rfb1
Ra8 22. Qd1 Rxa1 23. Bxa1 Qxd1+ 24. Rxd1 Ra8 25. Ne1 Ra2 26. Rc1 d4 27. Kf1 Nc5
28. Rxc5 Rxa1 29. exd4 exd4 30. f4 Bf8 31. Rb5 Bf5 32. Rb3 Kg7 33. Bd5 Ra5 34.
Be4 Be6 35. Rb2 Ba3 36. Rb7 Kf6 37. Nf3 Bc5 38. Rb2 Kg7 1/2-1/2

[Event "4MCR_4D_1L_3S"]
[Site "CR"]
[Date "2000.??.??"]
[Round "?"]
[White "Priesol, Daniel"]
[Black "Bares, Jiri"]
[Result "1/2-1/2"]
[WhiteElo "2260"]
[BlackElo "2225"]
[PlyCount "82"]
[EventDate "2000.??.??"]
[EventType "tourn (corr)"]

1. e4 c5 2. Nf3 d6 3. d4 cxd4 4. Nxd4 Nf6 5. Nc3 g6 6. Be3 Bg7 7. f3 O-O 8. Qd2
Nc6 9. O-O-O Bd7 10. g4 Rc8 11. h4 Nxd4 12. Bxd4 Qa5 13. Kb1 e5 14. Be3 Be6 15.
a3 Rfd8 16. h5 d5 17. Nxd5 Qxd2 18. Nxf6+ Bxf6 19. Rxd2 Rxd2 20. Bxd2 Be7 21.
Be3 a6 22. Be2 b5 23. a4 bxa4 24. Bxa6 Ra8 25. Bb5 a3 26. c4 axb2 27. Kxb2 Ra3
28. Bg5 Bc5 29. Rd1 f6 30. Bxf6 Rxf3 31. Rd8+ Kf7 32. hxg6+ hxg6 33. Bxe5 Bxg4
34. Kc2 g5 35. Rd3 Rf2+ 36. Kc3 Be2 37. Rd5 Be7 38. Kd4 Rf3 39. Bd6 g4 40. Bxe7
Kxe7 41. Rg5 Kf6 1/2-1/2

[Event "4MCR_4D_1L_3S"]
[Site "CR"]
[Date "2000.??.??"]
[Round "?"]
[White "Priesol, Daniel"]
[Black "Beter, Daniel"]
[Result "1/2-1/2"]
[WhiteElo "2260"]
[BlackElo "2200"]
[PlyCount "79"]
[EventDate "2000.??.??"]
[EventType "tourn (corr)"]

1. e4 e5 2. Nf3 Nf6 3. d4 Nxe4 4. Bd3 d5 5. Nxe5 Nd7 6. Nxd7 Bxd7 7. O-O Qh4 8.
c4 O-O-O 9. c5 g5 10. f3 Nf6 11. Be3 Rg8 12. Nc3 g4 13. g3 Qh5 14. f4 Bg7 15.
Re1 Rge8 16. Qb3 Ne4 17. Bxe4 dxe4 18. d5 c6 19. Rad1 Bxc3 20. bxc3 cxd5 21.
Rxd5 f5 22. Rd6 Bc6 23. Red1 Rxd6 24. cxd6 a6 25. Qb6 Qf7 26. Bc5 e3 27. Bxe3
Re6 28. Rd2 Qd7 29. Qc5 Kd8 30. a4 Ke8 31. a5 Re4 32. Kf2 Kf7 33. Bd4 Re8 34.
Be5 Kg8 35. Qb6 Rc8 36. c4 Re8 37. Qc7 Rc8 38. Ke3 Kf7 39. Qxd7+ Bxd7 40. Kd4
1/2-1/2

[Event "4MCR_4D_1L_3S"]
[Site "CR"]
[Date "2000.??.??"]
[Round "?"]
[White "Priesol, Daniel"]
[Black "Jandovsky, Viktor"]
[Result "1/2-1/2"]
[WhiteElo "2260"]
[BlackElo "2295"]
[PlyCount "43"]
[EventDate "2000.??.??"]
[EventType "tourn (corr)"]

1. e4 c5 2. Nf3 Nc6 3. d4 cxd4 4. Nxd4 Nf6 5. Nc3 d6 6. Be3 e6 7. f4 Be7 8. Qf3
Qc7 9. O-O-O a6 10. g4 Nxd4 11. Rxd4 e5 12. Rc4 Bxg4 13. Qxg4 Nxg4 14. Rxc7
Nxe3 15. fxe5 b5 16. exd6 Bxd6 17. Rb7 O-O 18. Bd3 Ng4 19. h4 Bf4+ 20. Kb1 Rfb8
21. Rxb8+ Rxb8 22. Rg1 1/2-1/2

[Event "4MCR_4D_1L_3S"]
[Site "CR"]
[Date "2000.??.??"]
[Round "?"]
[White "Priesol, Daniel"]
[Black "Pesa, Ladislav"]
[Result "1/2-1/2"]
[WhiteElo "2260"]
[BlackElo "2325"]
[PlyCount "63"]
[EventDate "2000.??.??"]
[EventType "tourn (corr)"]

1. e4 Nf6 2. e5 Nd5 3. d4 d6 4. Nf3 g6 5. Bc4 Nb6 6. Bb3 Bg7 7. Qe2 Nc6 8. O-O
O-O 9. h3 a5 10. a4 Bf5 11. Re1 Qc8 12. Nc3 dxe5 13. dxe5 Be6 14. Bxe6 Qxe6 15.
Nb5 Rac8 16. b3 Nd5 17. Bb2 Rfd8 18. Rad1 Ndb4 19. c3 Na6 20. Nbd4 Nxd4 21.
Nxd4 Qb6 22. e6 f5 23. Ba3 c5 24. Nb5 Rxd1 25. Rxd1 Rc6 26. Qc4 Kf8 27. Re1 Nc7
28. Nxc7 Qxc7 29. Bc1 Qd8 30. Bf4 h6 31. Re2 g5 32. Bd2 1/2-1/2

[Event "4MCR_4D_1L_3S"]
[Site "CR"]
[Date "2000.??.??"]
[Round "?"]
[White "Priesol, Daniel"]
[Black "Rybakova, Ivana"]
[Result "1/2-1/2"]
[WhiteElo "2260"]
[BlackElo "2000"]
[PlyCount "34"]
[EventDate "2000.??.??"]
[EventType "tourn (corr)"]

1. e4 e5 2. Nf3 Nc6 3. d4 exd4 4. Nxd4 Qf6 5. Nxc6 Bc5 6. Qd2 dxc6 7. Nc3 Qe7
8. Bd3 Nf6 9. O-O O-O 10. Qg5 h6 11. Qh4 Re8 12. Na4 Bd6 13. f3 Bd7 14. Be3
Rad8 15. Rfd1 c5 16. Nc3 Be6 17. Qf2 c6 1/2-1/2

[Event "4MCR_4D_1L_3S"]
[Site "CR"]
[Date "2000.??.??"]
[Round "?"]
[White "Priesol, Daniel"]
[Black "Soucha, Stepan"]
[Result "1/2-1/2"]
[WhiteElo "2260"]
[BlackElo "2305"]
[PlyCount "48"]
[EventDate "2000.??.??"]
[EventType "tourn (corr)"]

1. e4 e5 2. Nf3 Nc6 3. d4 exd4 4. Nxd4 Nf6 5. Nxc6 bxc6 6. e5 Qe7 7. Qe2 Nd5 8.
c4 Ba6 9. g3 g6 10. b3 Bg7 11. Bb2 O-O 12. Bg2 Rae8 13. O-O Nb6 14. Re1 f6 15.
e6 Qd6 16. Qd2 Rxe6 17. Rxe6 Qxe6 18. Na3 Qf5 19. Re1 Bb7 20. Bd4 c5 21. Bxb7
cxd4 22. Bg2 c6 23. Qxd4 Qa5 24. Nc2 f5 1/2-1/2

[Event "4MCR_4D_1L_3S"]
[Site "CR"]
[Date "2000.??.??"]
[Round "?"]
[White "Priesol, Daniel"]
[Black "Symersky, Petr"]
[Result "1-0"]
[WhiteElo "2260"]
[BlackElo "2000"]
[PlyCount "56"]
[EventDate "2000.??.??"]
[EventType "tourn (corr)"]

1. e4 c5 2. Nf3 d6 3. d4 cxd4 4. Nxd4 Nf6 5. Nc3 Nc6 6. Be3 Ng4 7. Bg5 h6 8.
Bh4 g5 9. Bg3 Bg7 10. Nb3 Be6 11. Qd2 Rc8 12. f3 Nge5 13. Nd5 Kf8 14. Be2 h5
15. Bf2 h4 16. Rd1 Ng6 17. c3 Nce5 18. O-O Bxd5 19. exd5 Nf4 20. Be3 Nc4 21.
Bxc4 Rxc4 22. Qf2 b6 23. Qc2 Qd7 24. Nd2 Ra4 25. Qb3 Ra5 26. Nc4 Ra6 27. a3 Qa4
28. Qa2 Qc2 1-0

[Event "4MCR_4D_1L_3S"]
[Site "CR"]
[Date "2000.??.??"]
[Round "?"]
[White "Rybakova, Ivana"]
[Black "Bares, Jiri"]
[Result "1-0"]
[WhiteElo "2000"]
[BlackElo "2225"]
[PlyCount "83"]
[EventDate "2000.??.??"]
[EventType "tourn (corr)"]

1. e4 c5 2. c3 Nf6 3. e5 Nd5 4. d4 cxd4 5. Nf3 Nc6 6. cxd4 d6 7. Bc4 Nb6 8. Bb3
dxe5 9. d5 Na5 10. Nc3 Nxb3 11. Qxb3 e6 12. Nxe5 exd5 13. Be3 Bd6 14. Qb5+ Kf8
15. O-O-O Be6 16. f4 Bxe5 17. fxe5 Qc8 18. Rhf1 h6 19. Kb1 Qc6 20. Bxb6 axb6
21. Qd3 Rc8 22. Ne2 h5 23. Nd4 Qd7 24. Rf2 Rc5 25. Rdf1 Kg8 26. h3 Qe8 27. Qe3
Rc7 28. Qg5 Rh6 29. Rf6 Qe7 30. Nxe6 fxe6 31. Rf8+ Kh7 32. Qxe7 Rxe7 33. R1f7
Rxf7 34. Rxf7 Rg6 35. Rxb7 Rxg2 36. Rxb6 Kg6 37. a4 Rh2 38. a5 Rxh3 39. a6 Rh4
40. Rb3 Rh1+ 41. Kc2 Rh4 42. a7 1-0

[Event "4MCR_4D_1L_3S"]
[Site "CR"]
[Date "2000.??.??"]
[Round "?"]
[White "Rybakova, Ivana"]
[Black "Fiala, Jaroslav"]
[Result "1/2-1/2"]
[WhiteElo "2000"]
[BlackElo "2425"]
[PlyCount "83"]
[EventDate "2000.??.??"]
[EventType "tourn (corr)"]

1. e4 e5 2. Nf3 Nc6 3. Bc4 Nf6 4. d4 exd4 5. e5 Ne4 6. Qe2 Nc5 7. O-O Ne6 8.
Bxe6 dxe6 9. Rd1 Be7 10. c3 O-O 11. Nxd4 Nxd4 12. Rxd4 Qe8 13. Be3 f6 14. Nd2
c5 15. Rd3 b6 16. Bf4 Bb7 17. Rd1 Qc6 18. Rg3 Rad8 19. Bh6 Rf7 20. Nc4 Rxd1+
21. Qxd1 Qd5 22. Qxd5 Bxd5 23. Nd6 Bxd6 24. exd6 Bc6 25. Bc1 Rd7 26. Rd3 Kf7
27. f3 e5 28. c4 Ke6 29. Kf2 g5 30. g3 h6 31. b3 e4 32. fxe4 Bxe4 33. Rd2 Rxd6
34. Ke3 Rxd2 35. Kxd2 f5 36. a3 f4 37. gxf4 gxf4 38. b4 a5 39. bxa5 bxa5 40.
Bb2 Kf5 41. Bg7 h5 42. Bf8 1/2-1/2

[Event "4MCR_4D_1L_3S"]
[Site "CR"]
[Date "2000.??.??"]
[Round "?"]
[White "Rybakova, Ivana"]
[Black "Mezera, Lukas"]
[Result "1/2-1/2"]
[WhiteElo "2100"]
[BlackElo "2105"]
[PlyCount "41"]
[EventDate "2000.??.??"]
[EventType "tourn (corr)"]

1. e4 c5 2. c3 d5 3. exd5 Qxd5 4. d4 e5 5. dxe5 Qxd1+ 6. Kxd1 Nc6 7. f4 f6 8.
Nf3 Bg4 9. Bb5 O-O-O+ 10. Ke2 fxe5 11. Bxc6 bxc6 12. fxe5 Re8 13. Bf4 Ne7 14.
h3 Ng6 15. hxg4 Nxf4+ 16. Kd2 Nxg2 17. Na3 Be7 18. Nc4 h6 19. Raf1 Rhf8 20.
Rhg1 Nf4 21. Kc2 1/2-1/2

[Event "4MCR_4D_1L_3S"]
[Site "CR"]
[Date "2000.??.??"]
[Round "?"]
[White "Rybakova, Ivana"]
[Black "Odehnal, Miroslav"]
[Result "1/2-1/2"]
[WhiteElo "2000"]
[BlackElo "2440"]
[PlyCount "39"]
[EventDate "2000.??.??"]
[EventType "tourn (corr)"]

1. e4 c5 2. c3 Nf6 3. e5 Nd5 4. d4 cxd4 5. Nf3 Nc6 6. cxd4 d6 7. Bc4 Nb6 8. Bb3
dxe5 9. d5 Na5 10. Nc3 Nxb3 11. Qxb3 e6 12. Nxe5 exd5 13. Be3 Bd6 14. Qb5+ Kf8
15. O-O-O Be6 16. f4 Bxe5 17. fxe5 h6 18. b3 Kg8 19. Kb2 Qc7 20. Bd4 1/2-1/2

[Event "4MCR_4D_1L_3S"]
[Site "CR"]
[Date "2000.??.??"]
[Round "?"]
[White "Rybakova, Ivana"]
[Black "Pesa, Ladislav"]
[Result "0-1"]
[WhiteElo "2000"]
[BlackElo "2325"]
[PlyCount "78"]
[EventDate "2000.??.??"]
[EventType "tourn (corr)"]

1. e4 d5 2. exd5 Qxd5 3. Nc3 Qa5 4. d4 Nf6 5. Nf3 c6 6. Bc4 Bg4 7. h3 Bh5 8. g4
Bg6 9. Ne5 e6 10. Nxg6 hxg6 11. Bd2 Bb4 12. a3 Bxc3 13. Bxc3 Qc7 14. Qf3 Nbd7
15. O-O-O Nd5 16. Bd2 b5 17. Ba2 Qb6 18. Bg5 b4 19. h4 bxa3 20. Qxa3 Qb4 21.
Qxb4 Nxb4 22. Bc4 a5 23. c3 Nd5 24. Be2 f6 25. Bd2 Kf7 26. c4 Nb4 27. Kb1 Rab8
28. Bf4 Rb7 29. Bd6 Nb6 30. Rh3 Rd8 31. Bxb4 axb4 32. Kc2 Rbd7 33. Rb3 Rxd4 34.
Rxb4 Nc8 35. Rb8 Rxd1 36. Bxd1 Ke7 37. b4 Nd6 38. Rxd8 Kxd8 39. Kd3 e5 0-1

[Event "4MCR_4D_1L_3S"]
[Site "CR"]
[Date "2000.??.??"]
[Round "?"]
[White "Rybakova, Ivana"]
[Black "Staufcik, Robert"]
[Result "0-1"]
[WhiteElo "2000"]
[BlackElo "2000"]
[PlyCount "68"]
[EventDate "2000.??.??"]
[EventType "tourn (corr)"]

1. e4 e5 2. Nf3 Nc6 3. Bc4 Bc5 4. b4 Bxb4 5. c3 Ba5 6. d4 d6 7. Qb3 Qd7 8. dxe5
Bb6 9. Nbd2 dxe5 10. Ba3 Na5 11. Qb4 c5 12. Qb2 Nxc4 13. Nxc4 f6 14. Rd1 Qc6
15. Nd6+ Ke7 16. Nxc8+ Rxc8 17. O-O Kf8 18. Qb3 Ne7 19. Nd2 Bc7 20. Qc4 b6 21.
Rfe1 Rd8 22. Nf1 Rxd1 23. Rxd1 g6 24. Ne3 Kg7 25. Qb3 Rd8 26. Rxd8 Bxd8 27. Qd1
Bc7 28. c4 a6 29. Qg4 b5 30. h4 h5 31. Qd1 Qd6 32. Qc2 b4 33. Bc1 Kf7 34. Kh2
a5 0-1

[Event "4MCR_4D_1L_3S"]
[Site "CR"]
[Date "2000.??.??"]
[Round "?"]
[White "Rybakova, Ivana"]
[Black "Symersky, Petr"]
[Result "1/2-1/2"]
[WhiteElo "2000"]
[BlackElo "2000"]
[PlyCount "39"]
[EventDate "2000.??.??"]
[EventType "tourn (corr)"]

1. e4 d6 2. d4 Nf6 3. Nc3 g6 4. f4 Bg7 5. Nf3 O-O 6. e5 Nfd7 7. h4 c5 8. h5
cxd4 9. Qxd4 dxe5 10. Qf2 e4 11. Nxe4 Nf6 12. Nxf6+ exf6 13. hxg6 Re8+ 14. Be2
hxg6 15. Bd2 Qe7 16. Kf1 Bf5 17. Nd4 Be4 18. Bc4 Qc5 19. Bb3 Nc6 20. Be3
1/2-1/2